000 00550nam a2200193 a 4500
005 20140310183349.0
008 070618s19uu xx 00 eng d
020 _a8176488275
050 _aLB 2805.U4
_b.R215 2005
100 _aRao, V. K.
245 _aManagement of Education /
_cV. K. Rao
260 _aAnsari Road, Darya Ganj, Delhi :
_bAPH Publishing Corp,
_c2005.
300 _a258 p. :
_c22 cm.
521 _aBSBA
650 _aManagement
_xStudy and teaching.
650 _aBusiness education.
942 _cBK
_2lcc
_kFOR
999 _c22042
_d22042